Largest Cities in the World With at Least Two n's - Statistics

General Stats
  • This quiz has been taken 85 times
  • The average score is 10 of 20
Answer Stats
# Population Continent Answer % Correct
1 14,800,000 Europe London
96%
1 14,800,000 Africa Johannesburg
91%
6 9,050,000 Asia Nánjīng
70%
10 7,300,000 Asia Hong Kong
67%
9 7,950,000 North America San Francisco
65%
3 12,200,000 Asia Chennai
63%
5 10,500,000 Asia Chóngqìng
63%
4 11,400,000 Asia Tiānjīn
63%
7 8,800,000 North America Washington
61%
15 5,100,000 Asia Nánníng
56%
8 8,550,000 Asia Shĕnyáng
39%
13 6,250,000 Asia Kūnmíng
33%
19 3,300,000 North America Minneapolis
33%
14 6,000,000 Asia Yangon
33%
11 6,900,000 Asia Bandung
30%
18 4,175,000 North America Santo Domingo
30%
16 4,900,000 Asia Chángchūn
22%
17 4,800,000 Asia Nanchang
17%
12 6,350,000 Asia Jinan
15%
20 3,250,000 Asia Nántōng
15%
No matching quizzes found
Score Distribution
Percent of People with Each Score
Percentile by Number Answered
Your Score History
You have not taken this quiz